000 00389nam a22001337a 4500
082 0 0 _a694
_bBRE
_cL-39, P-47
100 1 _aBertt, peter
_945598
245 1 0 _aCarpenty and joinery for advanced craft student:
_cPeter, bertt
260 _aLondon.
_bHutchinson,
_cc1985.
300 _a400 p.
_bill.
_c28 cm.
526 _a0
_b0
_c0
_d694_000000000000000_BRE
650 0 _aMCE
_9379
942 _2ddc
_cBK
999 _c549079
_d549079